[Event "Bogota McGregor op 4th"]
[Site "Bogota"]
[Date "2013.12.06"]
[Round "5"]
[White "Cabiativa, Jose Rene"]
[Black "Moreno Lozano, David"]
[Result "0-1"]
[WhiteElo "1662"]
[BlackElo "1912"]
[PlyCount "82"]
[EventDate "2013.12.04"]
[EventType "swiss"]
[EventRounds "9"]
[EventCountry "COL"]
[SourceTitle "CBM 157 Extra"]
[Source "ChessBase"]
[SourceDate "2013.12.19"]
[SourceVersion "1"]
[SourceVersionDate "2013.12.19"]
[SourceQuality "1"]

1. c4 b6 2. g3 Bb7 3. Nf3 e6 4. Nc3 f5 5. d4 Nf6 6. Bg2 Be7 7. Be3 0-0 8. a3 a5 9. 0-0 d6 10. Qd3 Ne8 11. Rfd1 Nd7 12. Bg5 Bxg5 13. Nxg5 Bxg2 14. Nxe6 Be4 15. Qe3 Qe7 16. Nxf8 Qxf8 17. Nxe4 fxe4 18. Qxe4 Nef6 19. Qc6 Rc8 20. Rd3 Re8 21. e3 Re7 22. b4 axb4 23. axb4 Qf7 24. Rd2 Nf8 25. Rc1 Qe8 26. Qg2 Ne4 27. Ra2 Qf7 28. f3 Ng5 29. f4 Qe6 30. Re2 Ne4 31. d5 Qd7 32. Ra2 b5 33. Ra6 bxc4 34. Rxc4 Qb5 35. Qa2 Qxd5 36. Qe2 Nd2 37. Rc2 Nf3+ 38. Kf1 Nd4 39. Rd2 Qh1+ 40. Kf2 Nxe2 41. Rxe2 Qxh2+ 0-1

[Event "COL-ch U16"]
[Site "Villavicencio"]
[Date "2013.06.16"]
[Round "7"]
[White "Acosta Cubides, Jorian Jared"]
[Black "Moreno Lozano, David"]
[Result "1/2-1/2"]
[WhiteElo "1969"]
[BlackElo "1923"]
[PlyCount "63"]
[EventDate "2013.06.13"]
[EventType "swiss"]
[EventRounds "7"]
[EventCountry "COL"]
[SourceTitle "EXT 2018"]
[Source "ChessBase"]
[SourceDate "2017.10.13"]
[SourceVersion "1"]
[SourceVersionDate "2017.10.13"]
[SourceQuality "1"]

1. e4 c5 2. Nf3 Nc6 3. d4 cxd4 4. Nxd4 e5 5. Nb5 a6 6. Nd6+ Bxd6 7. Qxd6 Qf6 8. Qd1 Qg6 9. Nc3 Nge7 10. h4 h5 11. Bg5 d5 12. Bxe7 d4 13. Bg5 dxc3 14. bxc3 Qxe4+ 15. Qe2 Qg6 16. 0-0-0 0-0 17. f3 f6 18. Qc4+ Kh8 19. Rd6 Qf7 20. Qxf7 Rxf7 21. Bc4 Rd7 22. Rxd7 Bxd7 23. Be3 Rc8 24. Bf7 Be8 25. Be6 Rd8 26. Bc5 Bd7 27. Bf7 Be8 28. Bc4 g6 29. Be6 Kg7 30. Rd1 Bf7 31. Bb3 Rxd1+ 32. Kxd1 1/2-1/2

[Event "North Region-ch U14"]
[Site "Cartagena"]
[Date "2013.04.21"]
[Round "6.2"]
[White "Moreno Lozano, David"]
[Black "Castellanos Rodriguez, Camilo"]
[Result "1-0"]
[WhiteElo "1925"]
[BlackElo "1847"]
[PlyCount "59"]
[EventDate "2013.04.19"]
[EventType "swiss"]
[EventRounds "6"]
[EventCountry "COL"]
[SourceTitle "EXT 2024"]
[Source "ChessBase"]
[SourceDate "2023.10.10"]
[SourceVersion "1"]
[SourceVersionDate "2023.10.10"]
[SourceQuality "1"]

1. e4 e5 2. Nf3 Nc6 3. d4 exd4 4. Bc4 Bc5 5. 0-0 Nge7 6. Ng5 d5 7. exd5 Na5 8. Bb5+ c6 9. dxc6 bxc6 10. Bd3 f5 11. Qh5+ g6 12. Qh6 Qd5 13. Bd2 Nb7 14. b4 Bd6 15. Na3 Qg8 16. Bc4 Nd5 17. Rfe1+ Be7 18. b5 Bd7 19. bxc6 Bxc6 20. Bb4 Qf8 21. Qxf8+ Kxf8 22. Bxd5 Bxb4 23. Bxc6 Bxe1 24. Rxe1 Rb8 25. Rb1 h6 26. Nf3 Rd8 27. Bxb7 d3 28. cxd3 Rxd3 29. Nc4 Kg7 30. Nfe5 1-0

[Event "North Region-ch U14"]
[Site "Cartagena"]
[Date "2013.04.21"]
[Round "5.4"]
[White "Moreno Lozano, David"]
[Black "Rozo, Claudia Magally"]
[Result "1-0"]
[WhiteElo "1925"]
[BlackElo "1409"]
[PlyCount "41"]
[EventDate "2013.04.19"]
[EventType "swiss"]
[EventRounds "6"]
[EventCountry "COL"]
[SourceTitle "EXT 2024"]
[Source "ChessBase"]
[SourceDate "2023.10.10"]
[SourceVersion "1"]
[SourceVersionDate "2023.10.10"]
[SourceQuality "1"]

1. e4 c5 2. Nf3 d6 3. d4 cxd4 4. Nxd4 a6 5. c4 Nf6 6. Nc3 e5 7. Nf3 Be6 8. b3 Nc6 9. Be2 Be7 10. 0-0 0-0 11. h3 h6 12. Be3 Rc8 13. Qd2 Nh7 14. Rfd1 Qc7 15. Bd3 Nb4 16. Rac1 Nxd3 17. Qxd3 Qd8 18. Nd5 Bxd5 19. Qxd5 Rc6 20. Qd3 Nf6 21. Rc2 1-0

[Event "Bogota McGregor op 3rd"]
[Site "Bogota"]
[Date "2012.12.14"]
[Round "5"]
[White "Moreno Lozano, David"]
[Black "Estrella Becerra, Fernando"]
[Result "1/2-1/2"]
[WhiteElo "1913"]
[BlackElo "2049"]
[PlyCount "133"]
[EventDate "2012.12.12"]
[EventType "swiss"]
[EventRounds "9"]
[EventCountry "COL"]
[SourceTitle "EXT 2014"]
[Source "ChessBase"]
[SourceDate "2013.11.20"]
[SourceVersion "1"]
[SourceVersionDate "2013.11.20"]
[SourceQuality "1"]

1. e4 d6 2. d4 Nf6 3. Nc3 g6 4. Nf3 Bg7 5. h3 c6 6. Bd3 Nbd7 7. Bf4 Qc7 8. 0-0 e5 9. Be3 0-0 10. dxe5 dxe5 11. Bc4 b5 12. Bd3 Bb7 13. a3 a6 14. a4 Rfd8 15. Qe2 Nf8 16. Nb1 Ne6 17. g3 Nd7 18. a5 c5 19. c4 b4 20. Nbd2 h6 21. Nb3 Ndf8 22. Ne1 g5 23. Ng2 Ng6 24. Kh2 Rd7 25. Rad1 Rad8 26. f3 Bf8 27. h4 Bc6 28. h5 Nh8 29. Bc2 Rxd1 30. Rxd1 Rxd1 31. Qxd1 Qd7 32. Qxd7 Bxd7 33. Ne1 Nd4 34. Bxd4 cxd4 35. Nd3 f6 36. Nbc5 Bxc5 37. Nxc5 Bc8 38. Nd3 Nf7 39. Nxb4 Nd6 40. Bd3 Nb7 41. Nxa6 Nxa5 42. Nc5 Nc6 43. Bb1 Nb4 44. Nd3 Nxd3 45. Bxd3 Kf8 46. g4 Ke7 47. b4 Bd7 48. Bc2 Be6 49. Bb3 Kd7 50. Kg2 Kc6 51. Kf2 Bc8 52. Ke2 Kb6 53. Kd2 Ka6 54. Kc1 Bd7 55. Kb2 Be8 56. Ka3 Bd7 57. Bc2 Be8 58. Bd3 Bd7 59. Kb3 Be8 60. c5+ Bb5 61. Bxb5+ Kxb5 62. Kc2 Kc6 63. Kd2 Kb5 64. Kd3 Kc6 65. Kc4 Kc7 66. b5 Kb7 67. Kd3 1/2-1/2

[Event "Bogota McGregor op 3rd"]
[Site "Bogota"]
[Date "2012.12.12"]
[Round "1"]
[White "Moreno Lozano, David"]
[Black "Camargo, Santiago"]
[Result "0-1"]
[WhiteElo "1913"]
[BlackElo "2039"]
[PlyCount "44"]
[EventDate "2012.12.12"]
[EventType "swiss"]
[EventRounds "9"]
[EventCountry "COL"]
[SourceTitle "EXT 2014"]
[Source "ChessBase"]
[SourceDate "2013.11.20"]
[SourceVersion "1"]
[SourceVersionDate "2013.11.20"]
[SourceQuality "1"]

1. e4 c5 2. Nf3 d6 3. d4 cxd4 4. Nxd4 Nf6 5. Nc3 a6 6. Be3 e5 7. Nb3 Be6 8. Qd2 Be7 9. f3 Qc7 10. 0-0-0 0-0 11. g4 Rc8 12. Kb1 d5 13. g5 d4 14. gxf6 dxc3 15. Qg2 Bxf6 16. Bg5 Bxg5 17. Qxg5 cxb2 18. Bd3 Nc6 19. Rhg1 g6 20. Rg2 Nb4 21. Qd2 a5 22. Kxb2 Nxa2 0-1

[Event "COL-ch Superate-A"]
[Site "Bogota"]
[Date "2012.12.09"]
[Round "6.3"]
[White "Barreto Badillo, Cristian David"]
[Black "Moreno Lozano, David"]
[Result "1/2-1/2"]
[WhiteElo "1577"]
[BlackElo "1913"]
[PlyCount "65"]
[EventDate "2012.12.07"]
[EventType "swiss"]
[EventRounds "7"]
[EventCountry "COL"]
[SourceTitle "EXT 2024"]
[Source "ChessBase"]
[SourceDate "2023.10.10"]
[SourceVersion "1"]
[SourceVersionDate "2023.10.10"]
[SourceQuality "1"]

1. e4 c5 2. Nf3 Nc6 3. d4 cxd4 4. Nxd4 e5 5. Nxc6 bxc6 6. Bc4 Nf6 7. Nc3 Bb4 8. Bd2 0-0 9. 0-0 Re8 10. Qe2 Bb7 11. a3 Be7 12. Rad1 h6 13. Qf3 Qc7 14. Qg3 Kh8 15. Bxf7 Rf8 16. Qg6 d5 17. Bxh6 gxh6 18. Qxh6+ Nh7 19. Bg6 Bg5 20. Qh5 Rg8 21. Rd3 Qg7 22. Bxh7 Qxh7 23. Qxh7+ Kxh7 24. exd5 cxd5 25. Rh3+ Kg7 26. Re1 Kf6 27. Rf3+ Ke6 28. Nb5 Rac8 29. Nd4+ Kd6 30. Nf5+ Ke6 31. Nd4+ Kd6 32. Nf5+ Ke6 33. Nd4+ 1/2-1/2

[Event "COL-ch Superate-A"]
[Site "Bogota"]
[Date "2012.12.08"]
[Round "5.1"]
[White "Moreno Lozano, David"]
[Black "Calderon Zuta, Nicolas"]
[Result "0-1"]
[WhiteElo "1913"]
[BlackElo "1539"]
[PlyCount "40"]
[EventDate "2012.12.07"]
[EventType "swiss"]
[EventRounds "7"]
[EventCountry "COL"]
[SourceTitle "EXT 2024"]
[Source "ChessBase"]
[SourceDate "2023.10.10"]
[SourceVersion "1"]
[SourceVersionDate "2023.10.10"]
[SourceQuality "1"]

1. e4 e5 2. Nf3 Nc6 3. d4 exd4 4. Bc4 Nf6 5. 0-0 Bc5 6. e5 d5 7. exf6 dxc4 8. Re1+ Be6 9. Ng5 Qxf6 10. Nxe6 fxe6 11. Qh5+ g6 12. Qxc5 Rf8 13. Rf1 e5 14. Qd5 Ne7 15. Qxb7 Rd8 16. Nd2 d3 17. cxd3 Rxd3 18. Nxc4 Qxf2+ 19. Rxf2 Rd1+ 20. Rf1 Rdxf1# 0-1

[Event "COL-ch Superate-A"]
[Site "Bogota"]
[Date "2012.12.07"]
[Round "2.2"]
[White "Moreno Lozano, David"]
[Black "Montero Ortiz, Jeison Efren"]
[Result "1-0"]
[WhiteElo "1913"]
[BlackElo "1441"]
[PlyCount "47"]
[EventDate "2012.12.07"]
[EventType "swiss"]
[EventRounds "7"]
[EventCountry "COL"]
[SourceTitle "EXT 2024"]
[Source "ChessBase"]
[SourceDate "2023.10.10"]
[SourceVersion "1"]
[SourceVersionDate "2023.10.10"]
[SourceQuality "1"]

1. e4 e5 2. Nf3 Nc6 3. d4 exd4 4. Bc4 f6 5. 0-0 Bc5 6. c3 dxc3 7. Nxc3 d6 8. Qd5 Qe7 9. Nh4 Bd7 10. Qh5+ Kd8 11. Bxg8 Be8 12. Qd5 Bd7 13. Bf7 g6 14. Bxg6 Qg7 15. Bf5 Rg8 16. Bxd7 Kxd7 17. Qf5+ Kd8 18. Nd5 Bd4 19. Qf3 Ne5 20. Qxf6+ Qxf6 21. Nxf6 Nf3+ 22. Nxf3 Bxf6 23. Bf4 Kd7 24. e5 1-0

[Event "Bogota op 10"]
[Site "Bogota"]
[Date "2012.10.18"]
[Round "8"]
[White "Moreno Lozano, David"]
[Black "Barbosa, Daniela"]
[Result "1/2-1/2"]
[WhiteElo "1915"]
[BlackElo "1764"]
[PlyCount "25"]
[EventDate "2012.10.11"]
[EventType "swiss"]
[EventRounds "9"]
[EventCountry "COL"]
[SourceTitle "EXT 2013"]
[Source "ChessBase"]
[SourceDate "2012.11.22"]
[SourceVersion "1"]
[SourceVersionDate "2012.11.22"]
[SourceQuality "1"]

1. e4 c5 2. Nf3 d6 3. d4 cxd4 4. Nxd4 Nf6 5. Nc3 Nc6 6. Be3 Bd7 7. Be2 e5 8. Nb3 a6 9. f3 Qc7 10. Qd2 Be6 11. 0-0 Be7 12. f4 exf4 13. Bxf4 1/2-1/2

[Event "Bogota op 10"]
[Site "Bogota"]
[Date "2012.10.13"]
[Round "3"]
[White "Valle, Efrain"]
[Black "Moreno Lozano, David"]
[Result "1-0"]
[WhiteElo "2193"]
[BlackElo "1915"]
[PlyCount "28"]
[EventDate "2012.10.11"]
[EventType "swiss"]
[EventRounds "9"]
[EventCountry "COL"]
[SourceTitle "EXT 2013"]
[Source "ChessBase"]
[SourceDate "2012.11.22"]
[SourceVersion "1"]
[SourceVersionDate "2012.11.22"]
[SourceQuality "1"]

1. e4 c5 2. Nf3 Nc6 3. d4 cxd4 4. Nxd4 e5 5. Nxc6 bxc6 6. Bd3 Nf6 7. 0-0 d5 8. Bg5 Bd7 9. Qf3 d4 10. Nd2 Bd6 11. Nc4 Bc7 12. Qg3 Qe7 13. Qh4 h6 14. f4 a6 1-0

[Event "COL-ch U14"]
[Site "Santander"]
[Date "2012.06.17"]
[Round "8"]
[White "Moreno Lozano, David"]
[Black "Anillo Castro, Alfonso"]
[Result "1/2-1/2"]
[WhiteElo "1882"]
[BlackElo "1854"]
[PlyCount "63"]
[EventDate "2012.06.13"]
[EventType "tourn"]
[EventRounds "9"]
[EventCountry "COL"]
[SourceTitle "EXT 2014"]
[Source "ChessBase"]
[SourceDate "2013.11.20"]
[SourceVersion "1"]
[SourceVersionDate "2013.11.20"]
[SourceQuality "1"]

1. e4 e5 2. Bc4 Nf6 3. d3 Bc5 4. Nf3 d6 5. Bb3 h6 6. 0-0 Bg4 7. h3 Bh5 8. c3 0-0 9. Nbd2 Nc6 10. Re1 Re8 11. Nf1 d5 12. Qe2 dxe4 13. dxe4 Bg6 14. Ng3 Nh5 15. Nxh5 Bxh5 16. g4 Bg6 17. Bd2 Qe7 18. Rad1 Rad8 19. Bc1 Rxd1 20. Rxd1 Rd8 21. Rxd8+ Nxd8 22. Kg2 Kh7 23. Kg3 Ne6 24. Nh4 Nf4 25. Qf3 c6 26. Nxg6 fxg6 27. Bc2 g5 28. b4 Bb6 29. Be3 c5 30. a3 cxb4 31. cxb4 Bxe3 32. Qxe3 1/2-1/2

[Event "COL-ch U14"]
[Site "Santander"]
[Date "2012.06.16"]
[Round "6"]
[White "Agudelo, Pedro Luis"]
[Black "Moreno Lozano, David"]
[Result "1/2-1/2"]
[WhiteElo "1670"]
[BlackElo "1882"]
[PlyCount "41"]
[EventDate "2012.06.13"]
[EventType "tourn"]
[EventRounds "9"]
[EventCountry "COL"]
[SourceTitle "EXT 2014"]
[Source "ChessBase"]
[SourceDate "2013.11.20"]
[SourceVersion "1"]
[SourceVersionDate "2013.11.20"]
[SourceQuality "1"]

1. e4 c5 2. Nf3 Nc6 3. d4 cxd4 4. Nxd4 e5 5. Nb5 a6 6. Nd6+ Bxd6 7. Qxd6 Qf6 8. Qxf6 Nxf6 9. Nc3 d5 10. Nxd5 Nxd5 11. exd5 Nb4 12. Bd3 Nxd3+ 13. cxd3 Bf5 14. Be3 0-0-0 15. d4 exd4 16. Rc1+ Kb8 17. Bf4+ Ka8 18. d6 Rhe8+ 19. Kd2 Re4 20. Bg3 Rde8 21. Rhe1 1/2-1/2

[Event "COL-ch U14"]
[Site "Santander"]
[Date "2012.06.15"]
[Round "4"]
[White "Blandon, Luis Guillermo"]
[Black "Moreno Lozano, David"]
[Result "0-1"]
[WhiteElo "1956"]
[BlackElo "1882"]
[PlyCount "116"]
[EventDate "2012.06.13"]
[EventType "tourn"]
[EventRounds "9"]
[EventCountry "COL"]
[SourceTitle "EXT 2014"]
[Source "ChessBase"]
[SourceDate "2013.11.20"]
[SourceVersion "1"]
[SourceVersionDate "2013.11.20"]
[SourceQuality "1"]

1. e4 c5 2. Nf3 Nc6 3. d4 cxd4 4. Nxd4 e5 5. Nb5 a6 6. Nd6+ Bxd6 7. Qxd6 Qf6 8. Qd1 Qg6 9. Nc3 Nge7 10. h4 h5 11. Rh3 d5 12. Rg3 Bg4 13. f3 dxe4 14. fxg4 Rd8 15. Bd2 Nf5 16. Nxe4 Nxg3 17. Nxg3 0-0 18. Bd3 e4 19. Nxe4 Rfe8 20. Kf1 Rxe4 21. Bxe4 Qxe4 22. Qe2 Qg6 23. Bc3 hxg4 24. Kg1 Nd4 25. Bxd4 Rxd4 26. Rf1 Re4 27. h5 Qb6+ 28. Qf2 Qxf2+ 29. Rxf2 g3 30. Rf3 Re1+ 31. Rf1 Re2 32. Rf3 Rxc2 33. Rxg3 Rxb2 34. a3 Kh7 35. Rf3 f6 36. Kh2 Kh6 37. Rg3 b5 38. Rg6+ Kxh5 39. Rxg7 Rb3 40. a4 Ra3 41. axb5 axb5 42. Rb7 Rb3 43. Rb6 Kg5 44. g3 Rb1 45. Kg2 b4 46. Kf2 b3 47. Rb4 Kf5 48. Kf3 Ke6 49. Kf4 Kd5 50. Kf5 b2 51. Kg4 Kc5 52. Rb8 Kd6 53. Rb6+ Ke7 54. Rb7+ Ke6 55. Rb6+ Kf7 56. Rb7+ Kg6 57. Rb6 Kg7 58. Rb7+ Kh6 0-1

[Event "COL-ch U14"]
[Site "Santander"]
[Date "2012.06.14"]
[Round "3"]
[White "Moreno Lozano, David"]
[Black "Diaz Herrera, Leider Andres"]
[Result "1/2-1/2"]
[WhiteElo "1882"]
[BlackElo "1896"]
[PlyCount "94"]
[EventDate "2012.06.13"]
[EventType "tourn"]
[EventRounds "9"]
[EventCountry "COL"]
[SourceTitle "EXT 2014"]
[Source "ChessBase"]
[SourceDate "2013.11.20"]
[SourceVersion "1"]
[SourceVersionDate "2013.11.20"]
[SourceQuality "1"]

1. e4 c5 2. Nf3 e6 3. d4 cxd4 4. Nxd4 a6 5. Bd3 Nf6 6. 0-0 Qc7 7. Qe2 d6 8. c4 Nbd7 9. Nc3 b6 10. Kh1 Bb7 11. f4 Rc8 12. Bd2 Nc5 13. Bc2 Ncd7 14. b3 Qc5 15. Be3 Qa5 16. Bd2 Qh5 17. Rf3 Qc5 18. Be3 Qa5 19. Nd1 Nxe4 20. Bxe4 Bxe4 21. Rg3 Bg6 22. Rg5 e5 23. f5 h6 24. Rg3 Bh7 25. Bd2 Qc5 26. Bc3 Nf6 27. Nc2 Bxf5 28. Nde3 Bg6 29. Rf1 Be7 30. Nf5 Bxf5 31. Rxf5 g6 32. Bxe5 Rc7 33. Rxf6 Qxe5 34. Qxe5 dxe5 35. Rxb6 Rd7 36. Ne3 Bd8 37. Rb8 Rd2 38. a4 f5 39. Rxg6 f4 40. Nf1 Re2 41. h4 e4 42. Rg4 Rf8 43. c5 f3 44. gxf3 Rxf3 45. Kg1 Re1 46. Rg8+ Ke7 47. Rbxd8 Rexf1+ 1/2-1/2

[Event "Central Region-ch U14"]
[Site "Bogota"]
[Date "2012.05.20"]
[Round "5.2"]
[White "Moreno Lozano, David"]
[Black "Jimenez, Leonardo Andres"]
[Result "1-0"]
[WhiteElo "1882"]
[BlackElo "1836"]
[PlyCount "97"]
[EventDate "2012.05.18"]
[EventType "swiss"]
[EventRounds "7"]
[EventCountry "COL"]
[SourceTitle "EXT 2024"]
[Source "ChessBase"]
[SourceDate "2023.10.10"]
[SourceVersion "1"]
[SourceVersionDate "2023.10.10"]
[SourceQuality "1"]

1. e4 d5 2. exd5 Qxd5 3. Nf3 Nf6 4. d4 Bf5 5. c4 Qd8 6. Nc3 e6 7. h3 Nbd7 8. Bd3 Bxd3 9. Qxd3 g6 10. 0-0 Bg7 11. Bg5 0-0 12. Qe3 c6 13. Bh6 Qb6 14. Bxg7 Kxg7 15. b3 Rad8 16. Rad1 Rfe8 17. Ne5 Qa5 18. f4 c5 19. Nxd7 cxd4 20. Rxd4 Nxd7 21. Rfd1 Qb6 22. Na4 Qc7 23. Qd3 Nc5 24. Nxc5 Qxc5 25. Kf1 Rc8 26. Rd7 Re7 27. Qc3+ f6 28. Qd4 Kf7 29. Rxe7+ Qxe7 30. Qxa7 Rc5 31. Rd7 Qxd7 32. Qxc5 Qd8 33. Ke2 Qb8 34. Qd4 Ke7 35. a4 Qc7 36. b4 Qc6 37. Kf2 Qxa4 38. b5 Qb4 39. Qb6 Qd2+ 40. Kg3 Qd7 41. c5 Qd3+ 42. Kh2 Qe4 43. Qc7+ Ke8 44. c6 bxc6 45. bxc6 e5 46. Qb8+ Kf7 47. Qb3+ Ke8 48. Qe6+ Kd8 49. Qd7# 1-0

[Event "Central Region-ch U14"]
[Site "Bogota"]
[Date "2012.05.19"]
[Round "3.2"]
[White "Leon Morales, Gustavo"]
[Black "Moreno Lozano, David"]
[Result "0-1"]
[WhiteElo "1928"]
[BlackElo "1882"]
[PlyCount "68"]
[EventDate "2012.05.18"]
[EventType "swiss"]
[EventRounds "7"]
[EventCountry "COL"]
[SourceTitle "EXT 2024"]
[Source "ChessBase"]
[SourceDate "2023.10.10"]
[SourceVersion "1"]
[SourceVersionDate "2023.10.10"]
[SourceQuality "1"]

1. e4 c5 2. d4 cxd4 3. c3 d5 4. exd5 Qxd5 5. Nf3 Nc6 6. cxd4 e5 7. Nc3 Bb4 8. Bd2 Bxc3 9. Bxc3 e4 10. Ne5 Nxe5 11. dxe5 Ne7 12. Qa4+ Bd7 13. Qd4 Qxd4 14. Bxd4 Nc6 15. Bc3 0-0 16. 0-0-0 Bg4 17. Rd2 Rac8 18. Kb1 Bf5 19. Ka1 Nxe5 20. Be2 Nc6 21. g4 Be6 22. h4 Rfd8 23. Rxd8+ Rxd8 24. g5 a6 25. Rd1 Rxd1+ 26. Bxd1 Ne7 27. f3 e3 28. Kb1 Nf5 29. Be1 Nd4 30. a3 e2 31. Bxe2 Nxe2 32. Kc2 Nd4+ 33. Kd3 Nxf3 34. Bg3 Bd5 0-1

[Event "Bogota U14 Mixto op"]
[Site "Bogota"]
[Date "2012.03.23"]
[Round "4.2"]
[White "Moreno Lozano, David"]
[Black "Baron, Maria Camila"]
[Result "1-0"]
[WhiteElo "1924"]
[BlackElo "1621"]
[PlyCount "63"]
[EventDate "2012.03.23"]
[EventType "swiss"]
[EventRounds "6"]
[EventCountry "COL"]
[SourceTitle "EXT 2024"]
[Source "ChessBase"]
[SourceDate "2023.10.10"]
[SourceVersion "1"]
[SourceVersionDate "2023.10.10"]
[SourceQuality "1"]

1. e4 c5 2. Nf3 d6 3. d4 cxd4 4. Nxd4 Nf6 5. Nc3 g6 6. Be3 Bg7 7. f3 0-0 8. Qd2 Nc6 9. 0-0-0 d5 10. Nxc6 bxc6 11. e5 Ne8 12. f4 Qa5 13. h4 Rb8 14. Qd4 Be6 15. Qxa7 Qxa7 16. Bxa7 Ra8 17. Bc5 f6 18. Bxe7 Rf7 19. exf6 Bxf6 20. Bxf6 Nxf6 21. a3 Ng4 22. Re1 Nf2 23. Rg1 Bg4 24. g3 d4 25. Ne4 Nxe4 26. Rxe4 c5 27. Bc4 Bf3 28. Re7 Raf8 29. Rge1 Kg7 30. Bxf7 Rxf7 31. Rxf7+ Kxf7 32. Re5 1-0

[Event "Bogota U14 Mixto op"]
[Site "Bogota"]
[Date "2012.03.23"]
[Round "5.1"]
[White "Moreno Lozano, David"]
[Black "Nieto, Guillermo Luigui"]
[Result "0-1"]
[WhiteElo "1924"]
[BlackElo "1898"]
[PlyCount "46"]
[EventDate "2012.03.23"]
[EventType "swiss"]
[EventRounds "6"]
[EventCountry "COL"]
[SourceTitle "EXT 2024"]
[Source "ChessBase"]
[SourceDate "2023.10.10"]
[SourceVersion "1"]
[SourceVersionDate "2023.10.10"]
[SourceQuality "1"]

1. e4 d5 2. exd5 Qxd5 3. Nc3 Qd6 4. d4 Nf6 5. Nf3 c6 6. Ne5 Nbd7 7. f4 Nb6 8. Be3 g6 9. Qf3 Bg7 10. 0-0-0 Be6 11. Kb1 Nbd5 12. Na4 Qb4 13. Rd3 Nxe3 14. Qxe3 Qxa4 15. Ra3 Qb4 16. Be2 Qd6 17. g4 Nd5 18. Qf2 Bxe5 19. dxe5 Qd7 20. Rg1 a6 21. h4 0-0-0 22. Qa7 Nxf4 23. Bxa6 Qd1+ 0-1

[Event "Bogota U14 Mixto op"]
[Site "Bogota"]
[Date "2012.03.23"]
[Round "3.1"]
[White "Nieto, Manuel Valerio Wald"]
[Black "Moreno Lozano, David"]
[Result "1-0"]
[WhiteElo "1959"]
[BlackElo "1924"]
[PlyCount "89"]
[EventDate "2012.03.23"]
[EventType "swiss"]
[EventRounds "6"]
[EventCountry "COL"]
[SourceTitle "EXT 2024"]
[Source "ChessBase"]
[SourceDate "2023.10.10"]
[SourceVersion "1"]
[SourceVersionDate "2023.10.10"]
[SourceQuality "1"]

1. e4 c5 2. Nc3 Nc6 3. f4 d6 4. Nf3 g6 5. Bb5 Bd7 6. 0-0 Bg7 7. d3 e6 8. Bxc6 Bxc6 9. Be3 Nf6 10. f5 Qd7 11. fxe6 Qxe6 12. e5 Ng4 13. Ng5 Qxe5 14. Qxg4 Qxe3+ 15. Kh1 0-0 16. Rae1 Qd4 17. Rf4 f5 18. Qh4 h6 19. Rxd4 hxg5 20. Qxg5 cxd4 21. Ne2 Rae8 22. Qh4 Bf6 23. Qf2 Re3 24. Nf4 Rxe1+ 25. Qxe1 Re8 26. Qg3 g5 27. Nh5 Kf7 28. Nxf6 Kxf6 29. Qxd6+ Re6 30. Qxd4+ Kg6 31. Qf2 f4 32. h4 Kf5 33. hxg5 Kxg5 34. d4 Kg4 35. c4 Rh6+ 36. Kg1 Be4 37. Qe2+ Kf5 38. d5 Rg6 39. Kf1 Rg3 40. Qh5+ Kf6 41. Qh6+ Ke5 42. Qe6+ Kd4 43. d6 Bxg2+ 44. Kf2 Bh3 45. Qd5# 1-0

[Event "Bogota U17 Mixto op"]
[Site "Bogota"]
[Date "2012.02.03"]
[Round "3.2"]
[White "Jimenez, Leonardo Andres"]
[Black "Moreno Lozano, David"]
[Result "1/2-1/2"]
[WhiteElo "1831"]
[BlackElo "1910"]
[PlyCount "49"]
[EventDate "2012.02.03"]
[EventType "swiss"]
[EventRounds "6"]
[EventCountry "COL"]
[SourceTitle "EXT 2024"]
[Source "ChessBase"]
[SourceDate "2023.10.10"]
[SourceVersion "1"]
[SourceVersionDate "2023.10.10"]
[SourceQuality "1"]

1. e4 b6 2. Nf3 Bb7 3. Nc3 e6 4. d4 Bb4 5. Bd3 Nf6 6. Bd2 Bxc3 7. Bxc3 Bxe4 8. Bxe4 Nxe4 9. Qd3 Nxc3 10. Qxc3 0-0 11. 0-0-0 d5 12. Ne5 Qd6 13. Qh3 c5 14. Qg4 cxd4 15. Qxd4 Nd7 16. Nxd7 Qxd7 17. Rd3 Rac8 18. Rh3 Qc7 19. Rc3 Qd6 20. Rg3 f6 21. Qg4 Rc7 22. Re1 Qc6 23. Qxe6+ Qxe6 24. Rxe6 Rfc8 25. Re2 1/2-1/2

[Event "Bogota op 01"]
[Site "Bogota"]
[Date "2012.01.29"]
[Round "7"]
[White "Ceron, Juan Carlos"]
[Black "Moreno Lozano, David"]
[Result "0-1"]
[WhiteElo "2032"]
[BlackElo "1910"]
[PlyCount "68"]
[EventDate "2012.01.26"]
[EventType "swiss"]
[EventRounds "7"]
[EventCountry "COL"]
[SourceTitle "CBM 146 Extra"]
[Source "ChessBase"]
[SourceDate "2012.02.29"]
[SourceVersion "1"]
[SourceVersionDate "2012.02.29"]
[SourceQuality "1"]

1. e4 c5 2. Nf3 Nc6 3. d4 cxd4 4. Nxd4 e5 5. Nb5 a6 6. Nd6+ Bxd6 7. Qxd6 Qf6 8. Qd1 Qg6 9. Nc3 Nge7 10. Be3 d5 11. exd5 Nb4 12. Rc1 Bf5 13. a3 Nxc2+ 14. Ke2 Nxe3 15. Kxe3 Qb6+ 16. Kf3 Qxb2 17. g4 Bxg4+ 18. Kxg4 Qxf2 19. h4 Nf5 20. Qe1 Qf4+ 21. Kh3 g5 22. hxg5 Qxg5 23. Qxe5+ Kd7 24. Kh2 Qh4+ 25. Bh3 Qf2+ 26. Bg2 Rhg8 27. Qxf5+ Qxf5 28. Bh3 Rg4 29. Rhf1 Qe5+ 30. Kh1 Qh5 31. Kh2 Rag8 32. Ne4 Qe5+ 33. Ng3 Qxg3+ 34. Kh1 Qxh3# 0-1